书目信息 |
| 题名: |
建筑师 88
|
|
| 作者: | 王伯扬主编 | |
| 分册: | ||
| 出版信息: | 北京 中国建筑工业出版社 1911.02 |
|
| 页数: | 112页 | |
| 开本: | 16开 | |
| 丛书名: | ||
| 单 册: | ||
| 中图分类: | TU-0 , TU-55 | |
| 科图分类: | ||
| 主题词: | 建筑学 | |
| 电子资源: | ||
| ISBN: | 7-112-03301-2 | |
| 000 | 00544nam0 2200193 45 | |
| 001 | 0199007655 | |
| 005 | 20091102165044.54 | |
| 010 | @a7-112-03301-2@d18.00元 | |
| 100 | @a19990804d km y0chiy0120 ea | |
| 101 | 0 | @achi |
| 105 | @a z 000yy | |
| 200 | 1 | @AJian Zhu Shi 88@FWANG BAI YANG ZHU BIAN@a建筑师 88@f王伯扬主编 |
| 210 | @a北京@c中国建筑工业出版社@d1911.02 | |
| 215 | @a112页@c无图表@d16开 | |
| 606 | 0 | @a建筑学 |
| 690 | @aTU-0@v3 | |
| 690 | @aTU-55@v4 | |
| 801 | @aCN@bPftUser@c20091102 | |
| 905 | @dTU-55@eJ:801:88@b302386-395@f10 | |
| 建筑师 88/王伯扬主编.-北京:中国建筑工业出版社,1911.02 |
| 112页:无图表;16开 |
| ISBN 7-112-03301-2:18.00元 |
| ● |
| 相关链接 |
|
|
|
正题名:建筑师 88
索取号:TU-55/J:801:88
 
预约/预借
| 序号 | 登录号 | 条形码 | 馆藏地/架位号 | 状态 | 备注 |
| 1 | 302386 | 203023860 | 自科二线404/404自科库 2排2列2层/ [索取号:TU-55/J:801:88] | 在馆 | |
| 2 | 302387 | 203023879 | 自科二线404/404自科库 2排2列2层/ [索取号:TU-55/J:801:88] | 在馆 | |
| 3 | 302388 | 203023888 | 自科二线404/404自科库 2排2列2层/ [索取号:TU-55/J:801:88] | 在馆 | |
| 4 | 302389 | 203023897 | 建筑库101/101建筑库 13排4列4层/ [索取号:TU-55/J:801:88] | 在馆 | |
| 5 | 302390 | 203023904 | 建筑库101/101建筑库 2排2列4层/ [索取号:TU-55/J:801:88] | 在馆 | |
| 6 | 302391 | 203023913 | 自科二线404/404自科库 2排2列2层/ [索取号:TU-55/J:801:88] | 在馆 | |
| 7 | 302392 | 203023922 | 自科二线404/404自科库 2排2列2层/ [索取号:TU-55/J:801:88] | 在馆 | |
| 8 | 302393 | 203023931 | 建筑库101/101建筑库 13排4列4层/ [索取号:TU-55/J:801:88] | 在馆 | |
| 9 | 302394 | 203023940 | 自科二线404/404自科库 2排2列2层/ [索取号:TU-55/J:801:88] | 在馆 | |
| 10 | 302395 | 203023959 | 建筑库101/101建筑库 13排4列4层/ [索取号:TU-55/J:801:88] | 在馆 |